00669nam a2200157Ia 4500008004100000020001800041100001900059245016300078260004300241300002000284500002200304650003100326650001600357999001900373952011900392190228s9999 xx 000 0 und d a9781119428244 aCraig, Reed W. cReed W. Craig.--aThe 7 secrets of neuron leadership :bwhat top military commancers, neuroscientists, and the ancient greeks teach us about inspiring teams / aNew Jersey :bJohn Willey & Sonsc2018 axix, 284 pages. aIncludes indexes. aHuman Resourse Management. aLeadership. c361330d361330 001040aCLbCLcRESd2019-02-28eLibrary Fundl0oHD 57.7 .C886 2018pC21801r2019-02-28 00:00:00w2019-02-28yBK